Fighting terrorism in the liberal state (Record no. 181207)
[ view plain ]
| 000 -LEADER | |
|---|---|
| fixed length control field | 02465nam a2200457Ia 4500 |
| 082 04 - DEWEY DECIMAL CLASSIFICATION NUMBER | |
| Classification number | 363.325/17 |
| 245 10 - TITLE STATEMENT | |
| Title | Fighting terrorism in the liberal state |
| 260 ## - PUBLICATION, DISTRIBUTION, ETC. (IMPRINT) | |
| Place of publication | Amsterdam ; |
| -- | Washington, DC : |
| Name of publisher | IOS Press, |
| Year of publication | c2006. |
| 300 ## - PHYSICAL DESCRIPTION | |
| Number of Pages | xiv, 197 p. : |
| Other physical details | ill. |
| 490 1# - SERIES STATEMENT | |
| Series statement | NATO security through science series. Sub-series E, Human and societal dynamics, |
| 500 ## - GENERAL NOTE | |
| General note | "Proceedings of the NATO Advanced Research Workshop on Fighting Terrorism in the Liberal State: an Integrated Model of Research, Intelligence and International Law, Konstanz, Germany, 15-16 April 2005"--T.p. verso. |
| General note | "Published in cooperation with NATO Public Diplomacy Division." |
| General note | "This publication is supported by: The NATO Programme for Security through Science"--Cover. |
| 650 #0 - SUBJECT ADDED ENTRY--TOPICAL TERM | |
| Topical Term | Civil rights |
| Topical Term | Human rights |
| Topical Term | National security |
| Topical Term | Security, International |
| Topical Term | Terrorism |
| Topical Term | Terrorism |
| 700 1# - ADDED ENTRY--PERSONAL NAME | |
| Personal name | Kempf, Wilhelm F. |
| Personal name | Peleg, Samuel. |
| 856 40 - ELECTRONIC LOCATION AND ACCESS | |
| Uniform Resource Identifier | http://site.ebrary.com/lib/rucke/Doc?id=10130644 |
No items available.
